000
00270nam a2200121Ia 4500
008
190216s9999||||xx |||||||||||||| ||und||
100
_a
Harrary
245
0
_a
Graph Theory
260
_b
Narosha Publishing
_c
1969
300
_a
286p
650
_a
Mathematics
942
_c
BK
999
_c
31597
_d
31597